|
|
|
|
| LEADER |
00000nkmaa2200000 a 4500 |
| 001 |
vtls011625391 |
| 003 |
SK-MaSNL |
| 005 |
20260301140608.0 |
| 007 |
kh bo |
| 008 |
230802q1971 xo | ||00 k|slo |
| 035 |
|
|
|a 11ED19F7-9824-4500-8AED-EF65C156598E
|
| 035 |
|
|
|a urn:nbn:sk:snk-km43is9
|
| 035 |
|
|
|a urn:nbn:sk:snk-km00e5bx
|
| 040 |
|
|
|a SNKLA
|b slo
|c SNKLA
|e AACR2
|
| 041 |
0 |
|
|a slo
|
| 044 |
|
|
|a xo
|c SK
|
| 245 |
0 |
0 |
|a [Hviezdoslav, Pavol Országh - výstava o ňom]
|h grafika
|
| 260 |
|
|
|a [S.l.
|b s.n.]
|c [1971-1972]
|
| 300 |
|
|
|a 1 fotografia
|b čb
|c 18 x 23 cm
|
| 520 |
2 |
|
|a Zobrazenie: Výstava o živote a diele Pavla Országha Hviezdoslava v Dome odborov v Komárne uskutočnená v dňoch 23.12.1971 - 7.1.1972. Na obr.: pohľad na expozíciu a účastníkov výstavy.
|
| 600 |
1 |
7 |
|a Hviezdoslav, Pavol Országh,
|d 1849-1921
|2 SNKMA
|9 92721
|
| 650 |
0 |
7 |
|a výstavy
|2 SNKPH
|9 2780
|
| 651 |
|
7 |
|a Komárno (Slovensko)
|2 SNKPH
|9 39168
|
| 655 |
|
7 |
|a fotografie
|2 SNKPH
|9 70713
|
| 852 |
7 |
|
|a Slovenská národná knižnica
|b Literárny archív
|
| 958 |
|
|
|a ZO
|
| 958 |
|
|
|a BLA
|
| 999 |
|
|
|c 764293
|d 766223
|
| 952 |
|
|
|a SNKLA
|b SNKLA
|c SNKLA_DEP
|y NEVYP
|7 0
|p 17A1191973
|o snkK 3/507
|i snkLA 1719/1972
|0 0
|1 0
|4 0
|d 2017-04-25
|f 1
|l 0
|r 2026-02-24 00:14:51
|w 2026-02-24
|